| 000 | 00445nam a2200193Ia 4500 | ||
|---|---|---|---|
| 008 | 170918s9999 xx 000 0 und d | ||
| 020 | _a59046406x | ||
| 050 | _bH513 1987 | ||
| 100 | _aHenkes, Kevin | ||
| 245 | _aSheila Rae, the brave / | ||
| 245 | _cKevin Henkes. | ||
| 260 | _aNew York : | ||
| 260 | _bScholastic, | ||
| 260 | _c1987 | ||
| 300 | _aunpaged : | ||
| 300 | _bcolored illustration ; | ||
| 300 | _c26cm. | ||
| 500 | _a440 | ||
| 999 |
_c341341 _d341341 |
||